Proceedings of the international workshop on stellar spectral libraries (IWSSL 2013) (Record no. 18941)

MARC details
000 -LEADER
fixed length control field 00889nam a2200217Ia 4500
003 - CONTROL NUMBER IDENTIFIER
control field IN-BaIIA
008 - FIXED-LENGTH DATA ELEMENTS--GENERAL INFORMATION
fixed length control field 211028s9999 xx 000 0 eng d
020 ## - INTERNATIONAL STANDARD BOOK NUMBER
International Standard Book Number 978-81-922926-9-4
040 ## - CATALOGING SOURCE
Transcribing agency IIA Library
080 ## - UNIVERSAL DECIMAL CLASSIFICATION NUMBER
Universal Decimal Classification number 082.2:52
Item number ASI-11
111 ## - MAIN ENTRY--MEETING NAME
Meeting name or jurisdiction name as entry element International Workshop on Stellar Spectral Libraries (IWSSL 2013)
Location of meeting Rhone-Alpes, France
Date of meeting or treaty signing 2013
9 (RLIN) 36172
245 #0 - TITLE STATEMENT
Title Proceedings of the international workshop on stellar spectral libraries (IWSSL 2013)
Remainder of title held in Lyon, Rhone-Alpes, France, October 14 – 17, 2013
Statement of responsibility, etc. edited by H. P Singh, P. Prugniel and I. Vauglin
260 ## - PUBLICATION, DISTRIBUTION, ETC.
Place of publication, distribution, etc. Bengaluru
Name of publisher, distributor, etc. Astronomical Society of India
Date of publication, distribution, etc. 2014
300 ## - PHYSICAL DESCRIPTION
Extent x, 189p.
490 ## - SERIES STATEMENT
Series statement Astronomical Society of India conference series; v. 11
650 ## - SUBJECT ADDED ENTRY--TOPICAL TERM
Topical term or geographic name entry element Stellar spectra
9 (RLIN) 2838
700 ## - ADDED ENTRY--PERSONAL NAME
Personal name Prugniel, P., ed.
9 (RLIN) 36173
700 ## - ADDED ENTRY--PERSONAL NAME
Personal name Singh, H. P., ed.
9 (RLIN) 22911
700 ## - ADDED ENTRY--PERSONAL NAME
Personal name Vauglin, I., ed.
9 (RLIN) 36174
942 ## - ADDED ENTRY ELEMENTS (KOHA)
Koha item type Books
Holdings
Withdrawn status Lost status Damaged status Not for loan Home library Current library Shelving location Date acquired Source of acquisition Cost, normal purchase price Total Checkouts Full call number Barcode Date last seen Cost, replacement price Price effective from Koha item type Purchase Price
        IIA Library-Bangalore IIA Library-Bangalore General Stacks 11/12/2014 ANJ 2195.00   082.2:52/ ASI-11 19863 05/11/2021 2195.00 11/12/2014 Books Rs. 2195.00

Powered by Koha